[Event "Bunratty Masters op 14th"]
[Site "Bunratty"]
[Date "2007.02.23"]
[Round "1"]
[White "Pert, Nicholas"]
[Black "Connolly, Suzanne"]
[Result "1-0"]
[WhiteElo "2518"]
[BlackElo "2014"]
[PlyCount "53"]
[EventDate "2007.02.23"]
[EventType "swiss"]
[EventRounds "6"]
[EventCountry "IRL"]
[SourceTitle "CBM 117 Extra"]
[Source "ChessBase"]
[SourceDate "2007.05.09"]
[SourceVersion "1"]
[SourceVersionDate "2007.05.09"]
[SourceQuality "1"]

1. d4 d5 2. Nf3 c6 3. c4 Nf6 4. Nc3 dxc4 5. e4 b5 6. e5 Nd5 7. a4 b4 8. Ne4 Bf5 9. Ng3 Bd3 10. Bxd3 cxd3 11. e6 f6 12. 0-0 g6 13. Qxd3 Bg7 14. h4 0-0 15. Re1 a5 16. Bd2 Ra6 17. Ne4 Rb6 18. Nc5 Nc7 19. h5 Qe8 20. Bf4 Nca6 21. h6 Bh8 22. Nb3 g5 23. Bg3 Qg6 24. Qxg6+ hxg6 25. Nxa5 Rd8 26. b3 Rd5 27. Nd2 1-0

[Event "Bunratty Masters op 13th"]
[Site "Bunratty"]
[Date "2006.02.19"]
[Round "6"]
[White "Connolly, Suzanne"]
[Black "Galligan, Brian"]
[Result "1/2-1/2"]
[WhiteElo "2027"]
[BlackElo "2035"]
[PlyCount "20"]
[EventDate "2006.02.17"]
[EventType "swiss"]
[EventRounds "6"]
[EventCountry "IRL"]
[SourceTitle "CBM 111 Extra"]
[Source "ChessBase"]
[SourceDate "2006.05.09"]
[SourceVersion "1"]
[SourceVersionDate "2006.05.09"]
[SourceQuality "1"]

1. e4 c5 2. Nf3 d6 3. d4 cxd4 4. Nxd4 Nf6 5. Nc3 a6 6. a4 g6 7. Be2 Bg7 8. 0-0 0-0 9. Be3 Qc7 10. Nb3 b6 1/2-1/2

[Event "EU Union-ch"]
[Site "Cork"]
[Date "2005.03.27"]
[Round "6"]
[White "Pastres, Roberto"]
[Black "Connolly, Suzanne"]
[Result "1-0"]
[WhiteElo "2175"]
[BlackElo "2052"]
[PlyCount "139"]
[EventDate "2005.03.22"]
[EventType "swiss"]
[EventRounds "10"]
[EventCountry "IRL"]
[SourceTitle "CBM 105 Extra"]
[Source "ChessBase"]
[SourceDate "2005.05.01"]
[SourceVersion "1"]
[SourceVersionDate "2005.05.01"]
[SourceQuality "1"]

1. e4 c6 2. d3 d5 3. Nd2 e5 4. Ngf3 Qc7 5. d4 exd4 6. exd5 cxd5 7. Nb3 Nc6 8. Nbxd4 a6 9. h3 Nf6 10. c3 Be7 11. Bd3 0-0 12. 0-0 Bd7 13. Bg5 h6 14. Bh4 Rfe8 15. Qc2 Rac8 16. Rae1 Nxd4 17. Nxd4 Qb6 18. Nf5 Bc5 19. Qd2 Bf8 20. Qf4 Nh7 21. Qd2 Nf6 22. Ne3 Bc5 23. Bxf6 Qxf6 24. Nxd5 Qh4 25. Qf4 Qxf4 26. Nxf4 Bc6 27. Bf5 Rxe1 28. Rxe1 Rd8 29. Nd3 Bb6 30. Nb4 g6 31. Nxc6 bxc6 32. Bg4 Rd2 33. Re2 Rxe2 34. Bxe2 a5 35. Bf3 c5 36. Bd5 Kf8 37. Kf1 Ke7 38. Ke2 f6 39. Kd3 f5 40. Kc4 Kd6 41. f4 g5 42. g3 gxf4 43. gxf4 Bc7 44. Bb7 Kd7 45. Kxc5 Bxf4 46. Kb5 Bc1 47. b3 Bd2 48. c4 Kc7 49. Bf3 Bc3 50. a3 Bd2 51. c5 Bc3 52. b4 axb4 53. axb4 Be1 54. Kc4 Bd2 55. b5 Be3 56. b6+ Kb8 57. Bd5 Bf2 58. Kb5 Bg3 59. Be6 Bf4 60. Bxf5 Bg3 61. Kc4 Bf2 62. Kd5 Be3 63. Bd3 Bf2 64. Bb5 Be3 65. Be2 Bf2 66. Kc6 Bg3 67. Kb5 Bf4 68. c6 Bg3 69. Bg4 Bf4 70. Kc4 1-0

[Event "Bunratty Masters op 12th"]
[Site "Bunratty"]
[Date "2005.02.19"]
[Round "2"]
[White "Sutton, Ian"]
[Black "Connolly, Suzanne"]
[Result "1/2-1/2"]
[WhiteElo "2100"]
[BlackElo "2052"]
[PlyCount "35"]
[EventDate "2005.02.18"]
[EventType "swiss"]
[EventRounds "6"]
[EventCountry "IRL"]
[SourceTitle "EXT 2006"]
[Source "ChessBase"]
[SourceDate "2005.11.24"]
[SourceVersion "1"]
[SourceVersionDate "2005.11.24"]
[SourceQuality "1"]

1. d4 d5 2. Nf3 c6 3. c4 Nf6 4. Nc3 dxc4 5. a4 Bf5 6. e3 e6 7. Bxc4 Nbd7 8. Qe2 Bb4 9. 0-0 0-0 10. e4 Bg6 11. e5 Nd5 12. Bg5 Be7 13. Bxe7 Qxe7 14. Rfc1 Nxc3 15. bxc3 Nb6 16. Bd3 Bxd3 17. Qxd3 c5 18. h4 1/2-1/2

[Event "Bunratty Masters op 12th"]
[Site "Bunratty"]
[Date "2005.02.18"]
[Round "1"]
[White "Connolly, Suzanne"]
[Black "Ziatdinov, Raset"]
[Result "0-1"]
[WhiteElo "2052"]
[BlackElo "2441"]
[PlyCount "46"]
[EventDate "2005.02.18"]
[EventType "swiss"]
[EventRounds "6"]
[EventCountry "IRL"]
[SourceTitle "EXT 2006"]
[Source "ChessBase"]
[SourceDate "2005.11.24"]
[SourceVersion "1"]
[SourceVersionDate "2005.11.24"]
[SourceQuality "1"]

1. e4 e5 2. Nf3 Nc6 3. Bb5 a6 4. Ba4 Nf6 5. d3 d6 6. c3 g6 7. 0-0 Bg7 8. h3 0-0 9. Re1 Nh5 10. d4 Bd7 11. d5 Ne7 12. Bxd7 Qxd7 13. c4 Kh8 14. Nc3 Ng8 15. Rb1 Rae8 16. b4 Bh6 17. c5 Nf4 18. Nh2 f5 19. Qc2 Nf6 20. f3 N6h5 21. Be3 Qe7 22. Bf2 Qg5 23. Be3 Nxh3+ 0-1

[Event "BCF-chT2 0405 (4NCL)"]
[Site "West Bromwich"]
[Date "2004.11.20"]
[Round "3.7"]
[White "Twyble, Michael"]
[Black "Connolly, Suzanne"]
[Result "1-0"]
[WhiteElo "2215"]
[BlackElo "2076"]
[PlyCount "131"]
[EventDate "2004.09.18"]
[EventType "team"]
[EventRounds "11"]
[EventCountry "ENG"]
[SourceTitle "EXT 2006"]
[Source "ChessBase"]
[SourceDate "2005.11.24"]
[SourceVersion "1"]
[SourceVersionDate "2005.11.24"]
[SourceQuality "1"]
[WhiteTeam "Barbican II"]
[BlackTeam "Kings Head"]
[WhiteTeamCountry "ENG"]
[BlackTeamCountry "ENG"]

1. d4 d5 2. c4 c6 3. Nf3 Nf6 4. Nc3 dxc4 5. a4 Bf5 6. Nh4 e6 7. Nxf5 exf5 8. e3 Bd6 9. Bxc4 0-0 10. Qf3 g6 11. h3 h5 12. Bd2 Nbd7 13. Kf1 Kg7 14. Re1 Qe7 15. g4 Ne4 16. Bc1 Nxc3 17. bxc3 hxg4 18. hxg4 Qe4 19. Be2 Qxf3 20. Bxf3 fxg4 21. Bxg4 f5 22. Bd1 Nf6 23. e4 Nxe4 24. Bh6+ Kf6 25. Bxf8 Rxf8 26. Rh3 Bf4 27. Bc2 Ng5 28. Rd3 Rd8 29. Kg2 Rh8 30. Rh1 Rxh1 31. Kxh1 b6 32. Kg2 Ke7 33. Rd1 Kf6 34. Bd3 Nf7 35. Kf3 Bg5 36. Ke2 Nd6 37. Ra1 Ke6 38. Rh1 c5 39. dxc5 bxc5 40. Rh7 c4 41. Bb1 Bf6 42. Kd2 a5 43. Ra7 Bd8 44. Ra6 Kd5 45. f3 Ke6 46. Ba2 Kd7 47. Ke3 Bf6 48. Rxa5 Bxc3 49. Ra7+ Ke6 50. Bxc4+ Nxc4+ 51. Kd3 Ne5+ 52. Kxc3 Nxf3 53. a5 Ne5 54. a6 Nc6 55. Rh7 g5 56. a7 Nxa7 57. Rxa7 Ke5 58. Kd3 Kf4 59. Ke2 Kg3 60. Ra3+ Kg4 61. Kf2 Kh4 62. Kg2 Kg4 63. Ra4+ f4 64. Ra5 Kh4 65. Ra8 g4 66. Ra5 1-0

[Event "Olympiad Women-36"]
[Site "Mallorca"]
[Date "2004.10.27"]
[Round "12.1"]
[White "Connolly, Suzanne"]
[Black "Starr, Nava"]
[Result "0-1"]
[WhiteElo "2076"]
[BlackElo "2191"]
[PlyCount "96"]
[EventDate "2004.10.15"]
[EventType "team-swiss"]
[EventRounds "14"]
[EventCountry "ESP"]
[SourceTitle "CBM 102 Extra"]
[Source "ChessBase"]
[SourceDate "2004.11.03"]
[SourceVersion "1"]
[SourceVersionDate "2004.11.03"]
[SourceQuality "1"]
[WhiteTeam "Ireland (W)"]
[BlackTeam "Canada (W)"]
[WhiteTeamCountry "IRL"]
[BlackTeamCountry "CAN"]

1. e4 g6 2. d4 Bg7 3. Nc3 c6 4. Nf3 d5 5. h3 dxe4 6. Nxe4 Nd7 7. Bc4 Ngf6 8. Nxf6+ Nxf6 9. 0-0 0-0 10. Bf4 Qb6 11. Bb3 Bf5 12. Qe2 Rfe8 13. c3 Rad8 14. Ne5 Nd5 15. Bg3 e6 16. Rfe1 c5 17. dxc5 Qxc5 18. Rad1 b5 19. Nd3 Bxd3 20. Rxd3 Nb6 21. Red1 Rxd3 22. Qxd3 Bf6 23. Qd6 Qxd6 24. Rxd6 Rc8 25. Bf4 Kf8 26. Be3 Ke7 27. Rd2 Rc6 28. Bxb6 Rxb6 29. Kf1 b4 30. c4 Rd6 31. Rxd6 Kxd6 32. Ke2 Bxb2 33. Kd3 Kc5 34. f3 f5 35. g4 Bc1 36. Ba4 Kd6 37. Kd4 Bb2+ 38. Ke3 g5 39. gxf5 exf5 40. Bc2 Ke5 41. Kf2 Bd4+ 42. Kg2 h5 43. Ba4 h4 44. Bc6 a5 45. Bd7 Bc5 46. Kf1 Kd4 47. Bxf5 Kc3 48. Ke2 Kb2 0-1

[Event "Olympiad Women-36"]
[Site "Mallorca"]
[Date "2004.10.20"]
[Round "6.1"]
[White "Connolly, Suzanne"]
[Black "Nakagawa, Emiko"]
[Result "1/2-1/2"]
[WhiteElo "2076"]
[BlackElo "1949"]
[PlyCount "67"]
[EventDate "2004.10.15"]
[EventType "team-swiss"]
[EventRounds "14"]
[EventCountry "ESP"]
[SourceTitle "CBM 102 Extra"]
[Source "ChessBase"]
[SourceDate "2004.11.03"]
[SourceVersion "1"]
[SourceVersionDate "2004.11.03"]
[SourceQuality "1"]
[WhiteTeam "Ireland (W)"]
[BlackTeam "Japan (W)"]
[WhiteTeamCountry "IRL"]
[BlackTeamCountry "JPN"]

1. e4 c6 2. d4 d5 3. Nd2 dxe4 4. Nxe4 Nd7 5. Ng5 Ngf6 6. Bd3 e6 7. N1f3 Bd6 8. Qe2 h6 9. Ne4 Nxe4 10. Qxe4 Nf6 11. Qe2 Qc7 12. Bd2 Bd7 13. 0-0-0 0-0-0 14. c4 Kb8 15. Kb1 Rhe8 16. Ne5 Bc8 17. Bc3 Ng8 18. h3 Bxe5 19. dxe5 Re7 20. Bc2 Red7 21. Rxd7 Rxd7 22. Rd1 Qd8 23. Rxd7 Qxd7 24. Bb4 b6 25. Bd6+ Ka8 26. Qg4 g6 27. f4 Qd8 28. Qf3 Bb7 29. Be4 Qd7 30. Qf2 c5 31. Qf3 h5 32. Bxb7+ Qxb7 33. Qxb7+ Kxb7 34. Bf8 1/2-1/2

[Event "Olympiad Women-35"]
[Site "Bled"]
[Date "2002.11.08"]
[Round "13.1"]
[White "Connolly, Suzanne"]
[Black "Smith, Vivian J"]
[Result "1/2-1/2"]
[WhiteElo "2079"]
[BlackElo "2020"]
[PlyCount "88"]
[EventDate "2002.10.26"]
[EventType "team-swiss"]
[EventRounds "14"]
[EventCountry "SLO"]
[SourceTitle "EXT 2003"]
[Source "ChessBase"]
[SourceDate "2002.11.25"]
[SourceVersion "1"]
[SourceVersionDate "2002.11.25"]
[SourceQuality "1"]
[WhiteTeam "Ireland (W)"]
[BlackTeam "New Zealand (W)"]
[WhiteTeamCountry "IRL"]
[BlackTeamCountry "NZL"]

1. e4 d6 2. d4 Nf6 3. Nc3 g6 4. Be3 Bg7 5. f3 c6 6. Qd2 b5 7. g4 h5 8. g5 Nfd7 9. h4 Nb6 10. b3 a6 11. Rd1 N8d7 12. Bh3 Qc7 13. Nge2 0-0 14. 0-0 b4 15. Nb1 a5 16. c3 c5 17. Rc1 Ba6 18. Rf2 Bxe2 19. Rxe2 d5 20. Bxd7 Nxd7 21. cxb4 Qg3+ 22. Rg2 Qxf3 23. bxc5 Qxe4 24. Nc3 Qxh4 25. Nxd5 Qe4 26. Nc3 Qb7 27. Qd3 Rad8 28. Qe4 Qxe4 29. Nxe4 Nb8 30. Rd2 Nc6 31. d5 Ne5 32. Kg2 Ng4 33. Bf4 Be5 34. Bxe5 Nxe5 35. d6 exd6 36. Nf6+ Kg7 37. cxd6 Nd7 38. Nxd7 Rxd7 39. Rc5 Rfd8 40. Rcd5 f6 41. Rxa5 fxg5 42. Rxg5 Rxd6 43. Rxd6 Rxd6 44. Ra5 Rb6 1/2-1/2

[Event "Olympiad Women-35"]
[Site "Bled"]
[Date "2002.11.02"]
[Round "8.1"]
[White "Wilman, Carey"]
[Black "Connolly, Suzanne"]
[Result "1-0"]
[WhiteElo "2044"]
[BlackElo "2079"]
[PlyCount "51"]
[EventDate "2002.10.26"]
[EventType "team-swiss"]
[EventRounds "14"]
[EventCountry "SLO"]
[SourceTitle "EXT 2003"]
[Source "ChessBase"]
[SourceDate "2002.11.25"]
[SourceVersion "1"]
[SourceVersionDate "2002.11.25"]
[SourceQuality "1"]
[WhiteTeam "Scotland (W)"]
[BlackTeam "Ireland (W)"]
[WhiteTeamCountry "SCO"]
[BlackTeamCountry "IRL"]

1. d4 d5 2. c4 c6 3. Nc3 Nf6 4. Bg5 e6 5. e3 a6 6. Nf3 Be7 7. Qc2 Nbd7 8. a4 h6 9. Bh4 0-0 10. cxd5 exd5 11. Bd3 a5 12. 0-0 Re8 13. Rfe1 Nb8 14. Ne5 Na6 15. Qe2 Be6 16. Rad1 Nb4 17. Bb1 Nd7 18. Bxe7 Qxe7 19. e4 Nxe5 20. dxe5 Qg5 21. exd5 Bxd5 22. Nxd5 Nxd5 23. Qe4 g6 24. g3 Qe7 25. Ba2 Nc7 26. Qxg6+ 1-0

[Event "Olympiad Women-35"]
[Site "Bled"]
[Date "2002.10.30"]
[Round "5.1"]
[White "Connolly, Suzanne"]
[Black "Reyes Jara, Paula"]
[Result "1/2-1/2"]
[WhiteElo "2079"]
[BlackElo "2183"]
[PlyCount "51"]
[EventDate "2002.10.26"]
[EventType "team-swiss"]
[EventRounds "14"]
[EventCountry "SLO"]
[SourceTitle "EXT 2003"]
[Source "ChessBase"]
[SourceDate "2002.11.25"]
[SourceVersion "1"]
[SourceVersionDate "2002.11.25"]
[SourceQuality "1"]
[WhiteTeam "Ireland (W)"]
[BlackTeam "Chile (W)"]
[WhiteTeamCountry "IRL"]
[BlackTeamCountry "CHI"]

1. e4 e5 2. Nf3 Nc6 3. Bb5 a6 4. Ba4 Nf6 5. d3 b5 6. Bb3 Be7 7. 0-0 0-0 8. c3 d5 9. Re1 Bg4 10. Nbd2 dxe4 11. dxe4 Na5 12. Bc2 c5 13. h3 Bxf3 14. Qxf3 Nd7 15. Nf1 Bf6 16. Ne3 g6 17. Nd5 Bg7 18. Be3 Nc4 19. b3 Nxe3 20. Qxe3 f5 21. Rad1 f4 22. Qf3 Ra7 23. Bd3 Qh4 24. Qg4 Qxg4 25. hxg4 Nf6 26. Nxf6+ 1/2-1/2

[Event "Olympiad Women-35"]
[Site "Bled"]
[Date "2002.10.28"]
[Round "3.1"]
[White "Connolly, Suzanne"]
[Black "Geldyeva, Mekhri"]
[Result "0-1"]
[WhiteElo "2079"]
[BlackElo "2265"]
[PlyCount "112"]
[EventDate "2002.10.26"]
[EventType "team-swiss"]
[EventRounds "14"]
[EventCountry "SLO"]
[SourceTitle "EXT 2003"]
[Source "ChessBase"]
[SourceDate "2002.11.25"]
[SourceVersion "1"]
[SourceVersionDate "2002.11.25"]
[SourceQuality "1"]
[WhiteTeam "Ireland (W)"]
[BlackTeam "Turkmenistan (W)"]
[WhiteTeamCountry "IRL"]
[BlackTeamCountry "TKM"]

1. e4 e6 2. d4 d5 3. Nd2 c5 4. Ngf3 Nc6 5. exd5 exd5 6. Bb5 Qe7+ 7. Be2 Bf5 8. a3 0-0-0 9. 0-0 Nf6 10. Re1 Qc7 11. dxc5 Bxc5 12. Nb3 Bb6 13. Bg5 Ne4 14. Bh4 f6 15. Nbd4 Nxd4 16. Nxd4 Qf4 17. Nf3 g5 18. Bg3 Nxg3 19. hxg3 Qxg3 20. Nd4 Qf4 21. c3 Bd7 22. g3 Qd6 23. Bg4 Rhe8 24. Bxd7+ Qxd7 25. Qf3 Bxd4 26. cxd4 Re6 27. Rac1+ Kb8 28. Re3 Rxe3 29. Qxe3 Qe8 30. Qf3 Qe6 31. Qc3 Rc8 32. Qd2 Rxc1+ 33. Qxc1 b6 34. Qc3 Kb7 35. b4 h5 36. b5 a6 37. a4 axb5 38. axb5 Qe8 39. Qb4 Kc7 40. Qc3+ Kd6 41. Qa3+ Ke6 42. Qa6 Qb8 43. Qa3 Qd6 44. Qe3+ Kf7 45. Qd3 Qe6 46. Qh7+ Kf8 47. Qh8+ Ke7 48. Qh7+ Kd6 49. Qc2 Qe8 50. Qb2 Qe1+ 51. Kg2 Ke6 52. f3 g4 53. fxg4 hxg4 54. Kh2 Qf1 55. Qc3 Qf2+ 56. Kh1 Qf3+ 0-1

[Event "Olympiad Women-35"]
[Site "Bled"]
[Date "2002.10.26"]
[Round "1.1"]
[White "Hernandez Estevez, Yudania"]
[Black "Connolly, Suzanne"]
[Result "1/2-1/2"]
[WhiteElo "2267"]
[BlackElo "2079"]
[PlyCount "78"]
[EventDate "2002.10.26"]
[EventType "team-swiss"]
[EventRounds "14"]
[EventCountry "SLO"]
[SourceTitle "EXT 2003"]
[Source "ChessBase"]
[SourceDate "2002.11.25"]
[SourceVersion "1"]
[SourceVersionDate "2002.11.25"]
[SourceQuality "1"]
[WhiteTeam "Spain (W)"]
[BlackTeam "Ireland (W)"]
[WhiteTeamCountry "ESP"]
[BlackTeamCountry "IRL"]

1. e4 c6 2. d4 d5 3. Nc3 dxe4 4. Nxe4 Bf5 5. Ng3 Bg6 6. h4 h6 7. h5 Bh7 8. Nf3 Nd7 9. Bd3 Bxd3 10. Qxd3 Ngf6 11. Bd2 e6 12. 0-0-0 Be7 13. Ne4 Nxe4 14. Qxe4 Nf6 15. Qe2 0-0 16. Kb1 Qd5 17. Rde1 c5 18. dxc5 Qxc5 19. Ne5 Rac8 20. Bc1 Bd6 21. Nd3 Qc4 22. b3 Qb5 23. Bb2 Be7 24. g4 Nh7 25. f4 Bf6 26. c4 Qa5 27. Ne5 Rfd8 28. Rh2 Rd6 29. Rc1 a6 30. Qe4 Qc7 31. Rg2 Rcd8 32. Qc2 Qc5 33. Bc3 Bxe5 34. Bxe5 Rd3 35. Qe2 Qe3 36. Qxe3 Rxe3 37. Kc2 f6 38. Bc3 Red3 39. b4 Rf3 1/2-1/2

[Event "BCF-chT2 0102 (4NCL)"]
[Site "Birmingham"]
[Date "2002.05.04"]
[Round "9.8"]
[White "Connolly, Suzanne"]
[Black "Milligan, Helen"]
[Result "1/2-1/2"]
[WhiteElo "2086"]
[BlackElo "2130"]
[PlyCount "81"]
[EventDate "2001.09.22"]
[EventType "team"]
[EventRounds "11"]
[EventCountry "ENG"]
[SourceTitle "EXT 2003"]
[Source "ChessBase"]
[SourceDate "2002.11.25"]
[SourceVersion "1"]
[SourceVersionDate "2002.11.25"]
[SourceQuality "1"]
[WhiteTeam "Poisoned Pawns"]
[BlackTeam "Athenaeum"]
[WhiteTeamCountry "ENG"]
[BlackTeamCountry "ENG"]

1. e4 c5 2. Nf3 Nc6 3. d4 cxd4 4. Nxd4 Nf6 5. Nc3 e5 6. Ndb5 d6 7. Bg5 a6 8. Na3 b5 9. Nd5 Be7 10. Bxf6 Bxf6 11. c3 Bg5 12. Nc2 0-0 13. Bd3 Be6 14. Nce3 Ne7 15. Bc2 Bxe3 16. Nxe3 Qb6 17. 0-0 Rad8 18. Bb3 Kh8 19. Nd5 Nxd5 20. Bxd5 Qc5 21. a4 Bxd5 22. Qxd5 Qxd5 23. exd5 Ra8 24. axb5 axb5 25. f3 g6 26. Kf2 Rfc8 27. Rxa8 Rxa8 28. Rd1 Kg7 29. Ke3 f5 30. Kd3 Ra4 31. Re1 Kf6 32. Re2 g5 33. b3 Ra3 34. Rb2 Ra1 35. c4 b4 36. Re2 h5 37. h3 Ra3 38. Rb2 Ra1 39. Re2 Ra3 40. Rb2 Ra1 41. Re2 1/2-1/2

[Event "BCF-chT2 0102 (4NCL)"]
[Site "Birmingham"]
[Date "2001.11.24"]
[Round "3.8"]
[White "Connolly, Suzanne"]
[Black "Houska, Mario"]
[Result "1-0"]
[WhiteElo "2086"]
[BlackElo "1600"]
[PlyCount "45"]
[EventDate "2001.09.22"]
[EventType "team"]
[EventRounds "11"]
[EventCountry "ENG"]
[SourceTitle "EXT 2003"]
[Source "ChessBase"]
[SourceDate "2002.11.25"]
[SourceVersion "1"]
[SourceVersionDate "2002.11.25"]
[SourceQuality "1"]
[WhiteTeam "Poisoned Pawns"]
[BlackTeam "Slough II"]
[WhiteTeamCountry "ENG"]
[BlackTeamCountry "ENG"]

1. e4 d5 2. exd5 Qxd5 3. Nc3 Qa5 4. d4 Nf6 5. Nf3 Bg4 6. Be2 e6 7. 0-0 Be7 8. Ne5 Bxe2 9. Qxe2 0-0 10. Bf4 Qb6 11. Nc4 Qxd4 12. Bxc7 Nbd7 13. Rad1 Qh4 14. Bg3 Qg4 15. Qxg4 Nxg4 16. Rxd7 Bf6 17. Rxb7 Rfd8 18. h3 Nh6 19. Be5 Bxe5 20. Nxe5 f6 21. Nc6 Rd2 22. Rd1 Rxc2 23. Nd4 1-0

[Event "BCF-chT2 0102 (4NCL)"]
[Site "Birmingham"]
[Date "2001.09.23"]
[Round "2.8"]
[White "Cast, Abigail"]
[Black "Connolly, Suzanne"]
[Result "1/2-1/2"]
[WhiteElo "2122"]
[BlackElo "2083"]
[PlyCount "76"]
[EventDate "2001.09.22"]
[EventType "team"]
[EventRounds "11"]
[EventCountry "ENG"]
[SourceTitle "EXT 2003"]
[Source "ChessBase"]
[SourceDate "2002.11.25"]
[SourceVersion "1"]
[SourceVersionDate "2002.11.25"]
[SourceQuality "1"]
[WhiteTeam "SW Dragons"]
[BlackTeam "Poisoned Pawns"]
[WhiteTeamCountry "ENG"]
[BlackTeamCountry "ENG"]

1. d4 d5 2. c4 c6 3. Nc3 Nf6 4. Nf3 dxc4 5. e3 Bf5 6. Bxc4 e6 7. 0-0 Nbd7 8. Re1 Be7 9. Qb3 Qb6 10. e4 Qxb3 11. Bxb3 Bg4 12. d5 Bxf3 13. gxf3 Nc5 14. dxc6 bxc6 15. Bc4 0-0 16. Bg5 h6 17. Be3 Rfd8 18. Red1 Rd7 19. Rac1 Rb7 20. b3 Kf8 21. Bf4 Ke8 22. Bd6 Rd8 23. Be5 Rxd1+ 24. Rxd1 Rd7 25. Rxd7 Ncxd7 26. Bd4 Bc5 27. Bxc5 Nxc5 28. Kf1 Nfd7 29. f4 Nb6 30. Be2 a5 31. f3 Ke7 32. Kf2 f6 33. Ke3 Kd6 34. Kd4 e5+ 35. Ke3 Ne6 36. f5 Nf4 37. Bf1 Kc5 38. a3 Kd6 1/2-1/2

[Event "Kilkenny Norkom op"]
[Site "Kilkenny"]
[Date "2000.11.25"]
[Round "4"]
[White "Fox, Anthony"]
[Black "Connolly, Suzanne"]
[Result "1-0"]
[WhiteElo "2099"]
[BlackElo "2105"]
[PlyCount "103"]
[EventDate "2000.11.24"]
[EventType "swiss"]
[EventRounds "6"]
[EventCountry "IRL"]
[SourceTitle "CBM 079 Extra"]
[Source "ChessBase"]
[SourceDate "2001.01.11"]
[SourceVersion "2"]
[SourceVersionDate "2001.01.25"]
[SourceQuality "1"]

1. e4 c6 2. d3 d5 3. Nd2 e5 4. Ngf3 Bg4 5. h3 Bxf3 6. Qxf3 d4 7. Qg3 Qf6 8. Be2 Nd7 9. 0-0 Qg6 10. Qxg6 hxg6 11. f4 exf4 12. Rxf4 Bd6 13. Rf1 Ngf6 14. Nc4 Bc7 15. Bf4 Bxf4 16. Rxf4 0-0 17. a4 b6 18. e5 Rae8 19. Rxd4 Nxe5 20. Nxe5 Rxe5 21. Bf3 c5 22. Rd6 Rfe8 23. Rd1 R5e6 24. Rxe6 Rxe6 25. Kf2 Kf8 26. Re1 Rd6 27. Re5 Rd4 28. b3 Rd6 29. Ke3 Nd7 30. Re4 Nf6 31. Rh4 Re6+ 32. Kd2 Ke7 33. Rh8 Rd6 34. Ra8 Rd7 35. Rb8 Kd6 36. Rb7 Rxb7 37. Bxb7 Nd7 38. c3 Nf6 39. Ke3 Nh5 40. d4 cxd4+ 41. Kxd4 Nf4 42. Bf3 Ne6+ 43. Kc4 Nc5 44. Bd1 a6 45. b4 Nd7 46. Kd4 Nf8 47. Bb3 f6 48. Bc4 a5 49. Bf7 g5 50. Kc4 axb4 51. cxb4 Nd7 52. Kb5 1-0